zpět

Detail výsledku týmu

Pivovar Twinberg, Olomouc

Datum a čas kvízu

13 Celkem bodů Celkový počet nahraných bodů na tomto kvízu bez doplňovacích otázek.
6. Pořadí na kvízu Konečné umístění týmu na tomto kvízu.

Zaznamenané odpovědi

# Otázka Odpověď Body Výsledky
1. V úterý byl odvolán ředitel je... Česká televize (ČT), Jan Souček 1
2. Na pozemku u bratislavského le... Sbohem (Zbohom) Fico 0
3. Minulý týden vyšlo album Ostra... Michal Prokop 0
4. Ve středu byl zveřejněn žebříč... Michal Strnad 0
5. Hokejový tým Utah, jehož brank... Mammoth (Mamut) 0
6. Podíváme se na historické udál... O. J. Simpson, americký fotbal 0.5
7. Dne 8. června 1992 došlo na ji... vila Tugendhat 0
8. V České republice vystoupila o... D 1
9. Jak se nazývá stát, který vsto... Chorvatsko 0
10. Uveďte název města, kde byla p... Turín; Nagano 0.5